Essentials of statistics for business and economics. / (Record no. 8327)
[ view plain ]
| 000 -LEADER | |
|---|---|
| fixed length control field | 01200nam a22002417a 4500 |
| 003 - CONTROL NUMBER IDENTIFIER | |
| control field | OSt |
| 005 - DATE AND TIME OF LATEST TRANSACTION | |
| control field | 20221122112531.0 |
| 008 - FIXED-LENGTH DATA ELEMENTS--GENERAL INFORMATION | |
| fixed length control field | 120510t xxu||||| |||| 00| 0 eng d |
| 020 ## - INTERNATIONAL STANDARD BOOK NUMBER | |
| International Standard Book Number | 0324317344 |
| 040 ## - CATALOGING SOURCE | |
| Transcribing agency | LC |
| 050 ## - LIBRARY OF CONGRESS CALL NUMBER | |
| Classification number | HF1017.A54 |
| 100 ## - MAIN ENTRY--PERSONAL NAME | |
| Personal name | Anderson, David Ray |
| 9 (RLIN) | 748 |
| 245 ## - TITLE STATEMENT | |
| Title | Essentials of statistics for business and economics. / |
| Statement of responsibility, etc. | David Ray Anderson; Dennis J Sweeney; Thomas Arthur Williams |
| 250 ## - EDITION STATEMENT | |
| Edition statement | 4th ed. |
| Remainder of edition statement | (Instructor's edition) |
| 260 ## - PUBLICATION, DISTRIBUTION, ETC. | |
| Place of publication, distribution, etc. | Mason: |
| Name of publisher, distributor, etc. | South-Western College, |
| Date of publication, distribution, etc. | 2006. |
| 300 ## - PHYSICAL DESCRIPTION | |
| Extent | xxi, 643 p.: |
| Other physical details | ill (col.).; |
| 500 ## - GENERAL NOTE | |
| General note | With CD-ROM (inside back cover) |
| 505 ## - FORMATTED CONTENTS NOTE | |
| Formatted contents note | Contents: Data and statistics -- Descriptive statistics: tabular and graphical presentations -- Descriptive statistics: numerical measures -- Introduction to probability -- Discrete probability distributions -- Sampling and sampling distributions -- Interval estimation -- Hypothesis tests -- Comparisons involving means -- Comparisons involving proportions and a test of independence -- Simple linear regression -- Multiple regression -- |
| 650 ## - SUBJECT ADDED ENTRY--TOPICAL TERM | |
| Topical term or geographic name entry element | Managerial economics |
| 9 (RLIN) | 749 |
| 700 ## - ADDED ENTRY--PERSONAL NAME | |
| Personal name | Sweeney Dennis J |
| 9 (RLIN) | 750 |
| 700 ## - ADDED ENTRY--PERSONAL NAME | |
| Personal name | Williams Thomas Arthur |
| 9 (RLIN) | 751 |
| 942 ## - ADDED ENTRY ELEMENTS (KOHA) | |
| Source of classification or shelving scheme | Library of Congress Classification |
| Koha item type | Books |
| Withdrawn status | Lost status | Source of classification or shelving scheme | Damaged status | Not for loan | Home library | Current library | Shelving location | Date acquired | Full call number | Barcode | Date last seen | Price effective from | Koha item type |
|---|---|---|---|---|---|---|---|---|---|---|---|---|---|
| Library of Congress Classification | WISCONSIN INTERNATIONAL UNIVERSITY COLLEGE, GHANA KUMASI LIBRARY | WISCONSIN INTERNATIONAL UNIVERSITY COLLEGE, GHANA KUMASI LIBRARY | General Stacks | 08/11/2019 | HF1017.A54(4e) | K/1792/1792/19 | 19/12/2021 | 19/12/2021 | Books |
